| 000 | 01392nam a22002657a 4500 | ||
|---|---|---|---|
| 005 | 20240305165349.0 | ||
| 008 | 111017s2008 cl |||||s|||| 00||0 spa d | ||
| 020 | _a956-10-1654-0 | ||
| 035 | _a5791 | ||
| 040 | _avLex | ||
| 090 |
_c2662 _d2662 |
||
| 100 | 1 | _aSomarriva U., Manuel | |
| 245 | 1 | 0 |
_aDerecho sucesorio _h[Recurso electrónico] / _cManuel Somarriva U. _nTomo II |
| 250 | _a7ª ed. | ||
| 256 | _aServicio en línea. | ||
| 260 |
_a[Chile] : _bEditorial jurídica de Chile, _c2008 |
||
| 300 | _a1 recurso electrónico | ||
| 490 | 0 | _aTratados | |
| 500 | _aLas abundantes citas doctrinales y antecedentes jurisprudenciales han hecho de este libro un tratado que condensa la riqueza y la profundidad del pensamiento de sus autores, quienes, con el rigor científico que los caracteriza, ofrecen un panorama completísimo y perfectamente al día del derecho sucesorio en Chile y en el extranjero. | ||
| 506 | 1 |
_aContenido solo disponible en los productos indicados _dvLex Global _dvLex Global (Academic Edition, excluding Law Schools) _dvLex Global (U.S. Academic Edition, Law Schools) _dvLex Global (U.S. Academic Edition, excluding Law Schools) _dvLex Global (Academic Edition, Law Schools) |
|
| 650 | 0 | 4 |
_aHerencias y sucesiones _zChile |
| 740 | 0 | _avLex Libros (Servicio en línea) | |
| 856 | 4 | 0 | _uhttps://app.vlex.com/#/sources/derecho-sucesorio-tomo-ii-5791 |
| 942 | _cRAA | ||
| 999 |
_c161082 _d161082 |
||